00270nam a2200121Ia 4500100002000000650000800020366000700028245004600035260002400081082001800105300000800123546001700131 aChen/Chi-Tsang  aDSP f20 aOne dimensional digital signal processing bMarcel Dekkerc1979 a621.3822bCHE a448 aENGLISHcTTL